000
00309nam a22001337a 4500
008
171227b xxu||||| |||| 00| 0 eng d
020
_a
9781285131023
041
_a
eng
080
_a
070
100
_a
40
101
_a
MED
245
_a
MULTIMODAL COMMUNICATION FUNDAMENTALS
_c
SELLINOV.D
942
_2
udc
_c
BK
999
_c
39479
_d
39479